| 000 | 00794nam a2200265 a 4500 | ||
|---|---|---|---|
| 001 | 68359 | ||
| 003 | BD-RjUL | ||
| 005 | 20211209081747.0 | ||
| 008 | 870217s1987 nyua b 001 0 eng | ||
| 020 | _a0471809152 | ||
| 035 | _a(BD-RjUL)68569 | ||
| 040 |
_aDLC _cDLC _dDLC _dBD-RjUL _beng |
||
| 041 | _aeng | ||
| 082 | 0 | 0 |
_223 _a634.9 _bZOG 1987 |
| 100 | 1 |
_aZobel, Bruce _d1920- _9202664 |
|
| 245 | 1 | 0 |
_aGrowing exotic forests / _cBruce J. Zobel, Gerrit van Wyk, Per Stahl. |
| 260 |
_aNew York : _bWiley, _cc1987. |
||
| 300 |
_axx, 508 p. : _bill. ; _c24 cm. |
||
| 504 | _aIncludes Bibliography: p. 413-485 and indexes | ||
| 650 | 0 |
_aExotic forestry. _9202665 |
|
| 650 | 0 |
_aExotic forests. _9202666 |
|
| 700 | 1 |
_aVan Wyk, Gerrit. _9202667 |
|
| 700 | 1 |
_aStahl, Per. _9202668 |
|
| 942 |
_2ddc _cBK |
||
| 999 |
_c68359 _d68359 |
||